[Event "Cannes op"]
[Site "Cannes"]
[Date "2007.02.25"]
[Round "9"]
[White "Monier, Cedric"]
[Black "Ganne, Quentin"]
[Result "1-0"]
[WhiteElo "1869"]
[BlackElo "1642"]
[PlyCount "61"]
[EventDate "2007.02.18"]
[EventType "swiss"]
[EventRounds "9"]
[EventCountry "FRA"]
[SourceTitle "CBM 116 Extra"]
[Source "ChessBase"]
[SourceDate "2007.03.07"]
[SourceVersion "1"]
[SourceVersionDate "2007.03.07"]
[SourceQuality "1"]

1. d4 d5 2. Nf3 Nf6 3. Bg5 e6 4. e3 Be7 5. Bd3 0-0 6. 0-0 Bd7 7. Ne5 Be8 8. c3 Nbd7 9. f4 Rc8 10. Nd2 c5 11. Ndf3 Ne4 12. Bxe7 Qxe7 13. Bxe4 dxe4 14. Nd2 Nxe5 15. fxe5 Bc6 16. Qc2 Qg5 17. Rae1 f5 18. exf6 Rxf6 19. Rxf6 gxf6 20. Nxe4 Qg6 21. Nxf6+ Qxf6 22. Qe2 cxd4 23. exd4 Bd5 24. Rf1 Qg6 25. Rf4 Qb1+ 26. Rf1 Qg6 27. Rf4 Kh8 28. h3 Rg8 29. g4 Kg7 30. Qe5+ Kh6 31. Rf6 1-0